000 01741nam a2200373 a 4500
001 0000314
003 DO-SdBNP
005 20180306113230.0
007 0000314
008 150130s2014 dr abc 000 0 spa d
020 _a9789945495194
040 _aBPMSU
_bspa
_cBPMSU
092 _a372.83
_bH557c, 7mo. 2014
100 1 _aHernández Grullón, Alejandro
245 1 0 _aCiencias sociales 7 :
_beducación básica /
_cAlejandro Hernández Grullón, Juan Ricardo Hernández; actualización Danilda Pérez.
250 _aedición revisada y aactualizada al 2014
260 _aSanto Domingo :
_bActualidad Escolar 2000,
_c2013.
300 _a168 p. :
_bil., mapas, retrs. ;
_c28 cm.
500 _aEste libro ha sido realizado de acuerdo al curriculum vigente y ha sido sometido a la evaluación a aprovación del MINERD
500 _aEdición revisada y actualizada al 2014.
500 _aSeptimo grado, segundo ciclo, educación básica.
505 1 _tMovimiento poblacional y dominio del espacio en la República Dominicana --
_tOcupación haitiana (1822-1844) y proceso de la independencia de la República Dominicana --
_tPresencia de las potencias europeas y los Estados Unidos en las luchas internas post-independentistas.
650 _aCIENCIAS SOCIALES
_xENSEÑANZA BÁSICA
650 _aCIENCIAS SOCIALES
_xEDUCACIÓN PRIMARIA
650 4 _aEDUCACIÓN PRIMARIA
_xREPÚBLICA DOMINICANA
650 _aCIENCIAS SOCIALES
_xLIBROS DE TEXTOS
650 _aCIENCIAS SOCIALES
_xESTUDIOS Y EJERCICIOS
700 1 2 _aHernández, Juan Ricardo
700 1 2 _aPérez, Danilda.
910 _aValidado. Control de calidad MFF
942 _2ddc
_cBK
945 _aRemanejado para la BNPHU / 2018 VM
956 _aYLOCKWARD
_b10
999 _c9859
_d9859